<?xml version="1.0" encoding="UTF-8"?><?xml-stylesheet type="text/xsl" href="static/style.xsl"?><OAI-PMH xmlns="http://www.openarchives.org/OAI/2.0/" xmlns:xsi="http://www.w3.org/2001/XMLSchema-instance" xsi:schemaLocation="http://www.openarchives.org/OAI/2.0/ http://www.openarchives.org/OAI/2.0/OAI-PMH.xsd"><responseDate>2026-06-04T17:02:23Z</responseDate><request verb="GetRecord" identifier="oai:riuma.uma.es:10630/44719" metadataPrefix="marc">https://riuma.uma.es/rest/oai/request</request><GetRecord><record><header><identifier>oai:riuma.uma.es:10630/44719</identifier><datestamp>2026-02-03T11:12:15Z</datestamp><setSpec>com_10630_2254</setSpec><setSpec>col_10630_37953</setSpec></header><metadata><record xmlns="http://www.loc.gov/MARC21/slim" xmlns:dcterms="http://purl.org/dc/terms/" xmlns:doc="http://www.lyncode.com/xoai" xmlns:xsi="http://www.w3.org/2001/XMLSchema-instance" xsi:schemaLocation="http://www.loc.gov/MARC21/slim http://www.loc.gov/standards/marcxml/schema/MARC21slim.xsd">
   <leader>00925njm 22002777a 4500</leader>
   <datafield ind2=" " ind1=" " tag="042">
      <subfield code="a">dc</subfield>
   </datafield>
   <datafield ind2=" " ind1=" " tag="720">
      <subfield code="a">Rivas-Blanco, Irene</subfield>
      <subfield code="e">author</subfield>
   </datafield>
   <datafield ind2=" " ind1=" " tag="720">
      <subfield code="a">Pérez-del-Pulgar-Mancebo, Carlos Jesús</subfield>
      <subfield code="e">author</subfield>
   </datafield>
   <datafield ind2=" " ind1=" " tag="720">
      <subfield code="a">García-Morales, Isabel</subfield>
      <subfield code="e">author</subfield>
   </datafield>
   <datafield ind2=" " ind1=" " tag="720">
      <subfield code="a">Muñoz-Martínez, Víctor Fernando</subfield>
      <subfield code="e">author</subfield>
   </datafield>
   <datafield ind2=" " ind1=" " tag="260">
      <subfield code="c">2024-03-24</subfield>
   </datafield>
   <datafield ind2=" " ind1=" " tag="520">
      <subfield code="a">In the last five years, deep learning has attracted great interest in computer-assisted systems for Minimally Invasive Surgery. The straightforward accessibility to images in surgical interventions makes deep neural networks enormously powerful for solving classification problems in complex surgical scenarios. The objective of this work is to provide readers a survey on deep learning models applied to minimally invasive surgery, identifying the different architectures used depending on the application, the results achieved until now, and the publicly available surgical datasets that can be used for validating new studies. A total of 85 publications have been extracted from manual research from four databases (IEEE Xplorer, Springer Link, Science Direct, and ACM Digital Library). After analyzing all these studies, they have been classified into four applications: surgical image analysis, surgical task analysis, surgical skill assessment, and automation of surgical tasks. This work provides a technical description of these works and a comparison among them. Finally, promising research directions to advance in this field are identified.</subfield>
   </datafield>
   <datafield ind1="8" ind2=" " tag="024">
      <subfield code="a">I. Rivas-Blanco, C. J. Pérez-Del-Pulgar, I. García-Morales and V. F. Muñoz, "A Review on Deep Learning in Minimally Invasive Surgery," in IEEE Access, vol. 9, pp. 48658-48678, 2021, doi: 10.1109/ACCESS.2021.3068852. keywords: {Feature extraction;Deep learning;Minimally invasive surgery;Task analysis;Data models;Libraries;Hidden Markov models;Deep learning;convolutional neural network;deep neural network;minimally invasive surgery;laparoscopic surgery;robot-assisted surgery},</subfield>
   </datafield>
   <datafield ind1="8" ind2=" " tag="024">
      <subfield code="a">https://hdl.handle.net/10630/44719</subfield>
   </datafield>
   <datafield ind1="8" ind2=" " tag="024">
      <subfield code="a">10.1109/ACCESS.2021.3068852</subfield>
   </datafield>
   <datafield tag="653" ind2=" " ind1=" ">
      <subfield code="a">Aprendizaje automático (Inteligencia artificial)</subfield>
   </datafield>
   <datafield tag="653" ind2=" " ind1=" ">
      <subfield code="a">Informática médica</subfield>
   </datafield>
   <datafield tag="653" ind2=" " ind1=" ">
      <subfield code="a">Cirugía mínimamente invasiva</subfield>
   </datafield>
   <datafield ind2="0" ind1="0" tag="245">
      <subfield code="a">A Review on Deep Learning in Minimally Invasive Surgery.</subfield>
   </datafield>
</record>
</metadata></record></GetRecord></OAI-PMH>